00774nam a2200229Ia 450000500170000000800410001702000150005804000350007304100080010808200190011610000210013524500780015625000220023426400280025630000250028433600270030933700330033633800280036965000640039765000470046165000360050820250303153557.0121119s2003 mx gr 000 0 spa  a9681828550 aCO-BoRNBPbspaerdacCO-BoRNBP0 aspa04a530.0724bW14F1 aWalker, Jearl D.10aFísica recreativa bla feria ambulante de la física cJearl D. Walker asegunda edición aMéxico bLimusac2004 a386 páginasc24 cm atextobtxt2rdacontent asin mediaciónbn2rdamedia avolumenbnc2rdacarrier14aExperimentación científicaxEnseñanza elemental2LEMB14aFísicaxEnseñanza xExperimentos2LEMB14aFísicavLibros de texto2LEMB